Петрология углей: учебное пособие

Chi tiết về thư mục
Tác giả chính: Столбова Н. Ф. Нэля Фeдоровна
Tác giả của công ty: Национальный исследовательский Томский политехнический университет (ТПУ) Институт природных ресурсов (ИПР) Кафедра геологии и разведки полезных ископаемых (ГРПИ)
Tác giả khác: Исаева Е. Р. Елена Ринатовна
Tóm tắt:Заглавие с титульного экрана
Электронная версия печатной публикации
Пособие посвящено происхождению и методам изучения углей. Содержит описание физических свойств углей, микроскопическое изучение их в проходящем, отраженном и ультрафиолетовом свете. Знакомит с углехимическими методами анализа и дает сведения для промышленной классификации углей. Предназначено для студентов, обучающихся по специальности "Прикладная геология" по дисциплине "Литология".
Режим доступа: из корпоративной сети ТПУ
Ngôn ngữ:Tiếng Nga
Được phát hành: Томск, Изд-во ТПУ, 2013
Những chủ đề:
Truy cập trực tuyến:http://www.lib.tpu.ru/fulltext2/m/2014/m013.pdf
Định dạng: Điện tử Sách
KOHA link:https://koha.lib.tpu.ru/cgi-bin/koha/opac-detail.pl?biblionumber=252467

MARC

LEADER 00000nlm0a2200000 4500
001 252467
005 20231101232743.0
035 |a (RuTPU)RU\TPU\book\274814 
090 |a 252467 
100 |a 20140303d2013 m y0rusy50 ca 
101 0 |a rus 
102 |a RU 
105 |a a j 001zy 
135 |a drcn ---uucaa 
181 0 |a i  
182 0 |a b 
200 1 |a Петрология углей  |b Электронный ресурс  |e учебное пособие  |f Н. Ф. Столбова, Е. Р. Исаева  |g Национальный исследовательский Томский политехнический университет (ТПУ) 
203 |a Текст  |c электронный 
210 |a Томск  |c Изд-во ТПУ  |d 2013 
230 |a 1 компьютерный файл (pdf; 5.1 MB) 
300 |a Заглавие с титульного экрана 
300 |a Электронная версия печатной публикации 
330 |a Пособие посвящено происхождению и методам изучения углей. Содержит описание физических свойств углей, микроскопическое изучение их в проходящем, отраженном и ультрафиолетовом свете. Знакомит с углехимическими методами анализа и дает сведения для промышленной классификации углей. Предназначено для студентов, обучающихся по специальности "Прикладная геология" по дисциплине "Литология". 
333 |a Режим доступа: из корпоративной сети ТПУ 
337 |a Adobe Reader 
606 1 |a Уголь  |x Петрография  |2 stltpush  |3 (RuTPU)RU\TPU\subj\62469  |9 79544 
610 1 |a электронный ресурс 
610 1 |a учебные пособия 
610 1 |a труды учёных ТПУ 
610 1 |a органические породы 
610 1 |a определение 
610 1 |a классификации 
610 1 |a номенклатура 
610 1 |a макроскопическое описание 
610 1 |a микроскопическое исследование 
610 1 |a проходящий свет 
610 1 |a отраженный свет 
610 1 |a мацералы 
610 1 |a отражательная способность 
610 1 |a витринит 
610 1 |a флуоресцентная микроскопия 
610 1 |a углехимические методы 
610 1 |a промышленная классификация 
610 1 |a уголь 
675 |a 552.57(075.8)  |v 3 
700 1 |a Столбова  |b Н. Ф.  |c российский геолог  |c доцент Томского политехнического университета  |f 1940-  |g Нэля Фeдоровна  |2 stltpush  |3 (RuTPU)RU\TPU\pers\26073 
701 1 |a Исаева  |b Е. Р.  |c геолог  |c инженер Томского политехнического университета  |f 1989-  |g Елена Ринатовна  |2 stltpush  |3 (RuTPU)RU\TPU\pers\31185 
712 0 2 |a Национальный исследовательский Томский политехнический университет (ТПУ)  |b Институт природных ресурсов (ИПР)  |b Кафедра геологии и разведки полезных ископаемых (ГРПИ)  |h 2181  |2 stltpush  |3 (RuTPU)RU\TPU\col\18660 
801 1 |a RU  |b 63413507  |c 20140303 
801 2 |a RU  |b 63413507  |c 20160616  |g RCR 
856 4 |u http://www.lib.tpu.ru/fulltext2/m/2014/m013.pdf 
942 |c CF